000 00950nam a2200229Ia 4500
003 Ost
005 20260507075650.0
008 260507s9999||||xx |||||||||||||| ||und||
020 _a9436287977
040 _cfsecg
041 _aara
082 _a5.133
100 _aعزب، عزب محمد
_eمؤلف
245 0 _aأساسيات البرمجة باستعمال Visual Basic.net /
_c عزب محمد عزب
260 _aالقاهرة:
_bدار الكتب العلمية للنشر والتوزيع,
_c2004
300 _a568 صفحة؛
_bإيضاحات ؛
_c25 سم
520 _aمقدمة عن visual studio.net - مربع الادوات tool box- قواعد اللغة- خاصية التوريث inheritance- مقدمة عن قواعد البيانات introduction to datadbase- معالجة الاخطاء debug
653 _aالبرمجيات
653 _aعلم الحاسوب
653 _aVisual Basic.net
942 _cكتاب
999 _c45577
_d45577